[Event "VEN pre olympic (Women) 2nd"]
[Site "Barquisimeto"]
[Date "2014.04.19"]
[Round "7"]
[White "Campos Perez, Melanny"]
[Black "Varela la Madrid, Tilsia Carolin"]
[Result "1/2-1/2"]
[WhiteElo "1956"]
[BlackElo "1996"]
[PlyCount "82"]
[EventDate "2014.04.16"]
[EventType "tourn"]
[EventRounds "8"]
[EventCountry "VEN"]
[SourceTitle "EXT 2016"]
[Source "ChessBase"]
[SourceDate "2015.10.08"]
[SourceVersion "1"]
[SourceVersionDate "2015.10.08"]
[SourceQuality "1"]

1. e4 e5 2. Bc4 Nf6 3. Qe2 Nc6 4. c3 Bc5 5. Nf3 d6 6. d3 a6 7. Bb3 h6 8. h3 Be6 9. Bc2 Ba7 10. Nbd2 Qe7 11. Nf1 0-0-0 12. Ba4 b5 13. Bb3 d5 14. Ng3 g5 15. a4 b4 16. a5 Kb7 17. Ba4 Bd7 18. 0-0 Rhg8 19. Be3 d4 20. Bxc6+ Bxc6 21. cxd4 exd4 22. Nf5 Qf8 23. N3xd4 Bd7 24. Qf3 g4 25. hxg4 Nxg4 26. e5+ Kb8 27. Nc6+ Bxc6 28. Qxc6 Nxe3 29. fxe3 Rxd3 30. Qxa6 Rd2 31. Qb5+ Ka8 32. Qc6+ Kb8 33. Rf2 Rxf2 34. Kxf2 Rg5 35. Nd4 Rxe5 36. a6 Qc8 37. Ra4 Bxd4 38. exd4 Qf5+ 39. Qf3 Qxf3+ 40. Kxf3 Rb5 41. Ke4 Ka7 1/2-1/2

[Event "Barquisimeto Preolimp (Women) 2nd"]
[Site "Barquisimeto"]
[Date "2014.03.16"]
[Round "7.3"]
[White "Campos Perez, Melanny"]
[Black "Varela la Madrid, Tilsia Carolin"]
[Result "1/2-1/2"]
[WhiteElo "1937"]
[BlackElo "2008"]
[PlyCount "34"]
[EventDate "2014.03.12"]
[EventType "tourn"]
[EventRounds "7"]
[EventCountry "VEN"]
[SourceTitle "EXT 2022"]
[Source "ChessBase"]
[SourceDate "2021.10.06"]
[SourceVersion "1"]
[SourceVersionDate "2021.10.06"]
[SourceQuality "1"]

1. e4 e6 2. d4 d5 3. exd5 exd5 4. Nf3 Bd6 5. Bd3 Nf6 6. 0-0 0-0 7. Bg5 Bg4 8. Nbd2 Nbd7 9. Re1 c6 10. c3 Re8 11. Rxe8+ Qxe8 12. Qe1 Qxe1+ 13. Rxe1 Re8 14. Bxf6 Nxf6 15. Rxe8+ Nxe8 16. h3 Bxf3 17. Nxf3 f6 1/2-1/2

[Event "Barquisimeto Preolimp (Women) 2nd"]
[Site "Barquisimeto"]
[Date "2014.03.13"]
[Round "2.2"]
[White "Campos Perez, Melanny"]
[Black "Otazo Sanchez, Annyd Gabriela"]
[Result "0-1"]
[WhiteElo "1937"]
[BlackElo "2025"]
[PlyCount "48"]
[EventDate "2014.03.12"]
[EventType "tourn"]
[EventRounds "7"]
[EventCountry "VEN"]
[SourceTitle "EXT 2022"]
[Source "ChessBase"]
[SourceDate "2021.10.06"]
[SourceVersion "1"]
[SourceVersionDate "2021.10.06"]
[SourceQuality "1"]

1. e4 d5 2. exd5 Nf6 3. d4 Bg4 4. f3 Bf5 5. Bb5+ Bd7 6. Bxd7+ Qxd7 7. c4 c6 8. dxc6 Nxc6 9. Ne2 e6 10. Be3 Bb4+ 11. Kf2 0-0 12. Nd2 Rfd8 13. Ne4 Nxe4+ 14. fxe4 Qe7 15. g3 Ne5 16. Qb3 Ng4+ 17. Kg2 e5 18. d5 Bc5 19. Bxc5 Qxc5 20. Qf3 Ne3+ 21. Kh3 Rd6 22. Nf4 exf4 23. gxf4 Rh6+ 24. Kg3 Rg6+ 0-1

[Event "VEN-ch U20 Girls"]
[Site "Merida"]
[Date "2013.04.??"]
[Round "2"]
[White "Campos Perez, Melanny"]
[Black "Velasquez, Luisana"]
[Result "1-0"]
[WhiteElo "1823"]
[BlackElo "1559"]
[PlyCount "41"]
[EventDate "2013.04.23"]
[EventType "swiss"]
[EventRounds "7"]
[EventCountry "VEN"]
[SourceTitle "EXT 2015"]
[Source "ChessBase"]
[SourceDate "2014.11.20"]
[SourceVersion "1"]
[SourceVersionDate "2014.11.20"]
[SourceQuality "1"]

1. e4 e5 2. Bc4 Nf6 3. Qe2 Nc6 4. Nf3 Be7 5. c3 0-0 6. d3 d6 7. Bb3 Re8 8. h3 h6 9. g4 d5 10. Nbd2 Bf8 11. Nf1 g6 12. Ng3 Bg7 13. g5 hxg5 14. Bxg5 d4 15. h4 Bg4 16. h5 Qd6 17. hxg6 Be6 18. gxf7+ Bxf7 19. Nf5 Qd8 20. Nh6+ Bxh6 21. Rxh6 1-0

[Event "VEN-ch U20 Girls"]
[Site "Merida"]
[Date "2013.04.??"]
[Round "1"]
[White "Millan Gonzalez, Yuneitsy Del"]
[Black "Campos Perez, Melanny"]
[Result "0-1"]
[WhiteElo "1346"]
[BlackElo "1823"]
[PlyCount "62"]
[EventDate "2013.04.23"]
[EventType "swiss"]
[EventRounds "7"]
[EventCountry "VEN"]
[SourceTitle "EXT 2015"]
[Source "ChessBase"]
[SourceDate "2014.11.20"]
[SourceVersion "1"]
[SourceVersionDate "2014.11.20"]
[SourceQuality "1"]

1. e4 e6 2. d4 d5 3. exd5 exd5 4. Bd3 Bd6 5. Nf3 Ne7 6. 0-0 0-0 7. c3 Bf5 8. Bg5 f6 9. Bh4 Qd7 10. Bg3 Bxg3 11. fxg3 Nbc6 12. Qc2 Bxd3 13. Qxd3 Nf5 14. Nbd2 Rae8 15. Rae1 Nd6 16. b3 Kh8 17. c4 dxc4 18. bxc4 Qf5 19. Qc3 Qa5 20. Qb3 Nxd4 21. Nxd4 Rxe1 22. Rxe1 Qxd2 23. Rd1 Qa5 24. Kh1 Re8 25. Nf3 Qc5 26. Rc1 Qf2 27. c5 Re2 28. Rg1 Qxc5 29. Ne1 Ne4 30. Nd3 Nxg3+ 31. hxg3 Qh5# 0-1

[Event "Pan American-ch U18 Girls"]
[Site "Cali"]
[Date "2011.07.07"]
[Round "8"]
[White "Campos Perez, Melanny"]
[Black "Aquino Flores, Angelica Amaranta"]
[Result "1-0"]
[WhiteElo "1919"]
[BlackElo "1831"]
[PlyCount "58"]
[EventDate "2011.07.03"]
[EventType "swiss"]
[EventRounds "9"]
[EventCountry "COL"]
[SourceTitle "CBM 143 Extra"]
[Source "ChessBase"]
[SourceDate "2011.08.29"]
[SourceVersion "1"]
[SourceVersionDate "2011.08.29"]
[SourceQuality "1"]

1. e4 c5 2. Nc3 d6 3. g3 Nc6 4. Bg2 g6 5. d3 Bg7 6. Be3 e6 7. Qd2 Nge7 8. Bh6 0-0 9. h4 f5 10. h5 Rf7 11. hxg6 hxg6 12. Bxg7 Rxg7 13. Nf3 Nd4 14. Qh6 Nxf3+ 15. Bxf3 Bd7 16. 0-0-0 Bc6 17. g4 Qf8 18. Rh3 Kf7 19. gxf5 gxf5 20. Rg1 Ke8 21. Qe3 f4 22. Qe2 Kd7 23. Bg4 Kc7 24. e5 d5 25. d4 c4 26. Qf3 Qf7 27. Re1 Rf8 28. a4 a6 29. a5 Qe8 1-0